Statistics for Biggest Cities in Hawaii Quiz

Click here to take the quiz!

General Stats

  • This quiz has been taken 319 times
  • The average score is 7 of 21

Answer Stats

IslandPopulationCity% Correct
Oahu337,256Honolulu
99%
Hawaii43,263Hilo
75%
Oahu47,698Pearl City
57%
Hawaii11,975Kailua
54%
Oahu38,365Kailua
54%
Maui26,337Kahului
39%
Maui11,704Lahaina
37%
Oahu34,597Kaneohe
35%
Oahu15,186Kapolei
31%
Oahu27,629Mililani
28%
Oahu38,216Waipahu
28%
Maui20,881Kihei
26%
Oahu49,914East Honolulu
22%
Oahu13,177Waianae
21%
Oahu17,821Wahiawa
20%
Maui15,313Wailuku
19%
Oahu12,666Nanakuli
14%
Oahu18,248Makakilo
10%
Oahu14,014Halawa
10%
Oahu13,730Waimalu
9%
Hawaii11.404Hawaiian Paradise Park
6%

Score Distribution

Percentile by Number Answered

Percent of People with Each Score

Your Score History

You have not taken this quiz